[Event "Irish New Year-IM 2022"]
[Site "Dublin"]
[Date "2022.01.02"]
[Round "1.6"]
[White "Urh, Zala"]
[Black "Baker, Chris W"]
[Result "1-0"]
[WhiteElo "2291"]
[BlackElo "2227"]
[Annotator "ChessBase"]
[PlyCount "45"]
[EventDate "2022.01.02"]
[EventType "tourn"]
[EventCountry "IRL"]
[SourceTitle "playchess.com"]
[Source "ChessBase"]
[SourceQuality "1"]
[TimeControl "5400+30"]

1. d4 {[%emt 0:00:04]} e6 {[%emt 0:00:07]} 2. c4 {[%emt 0:00:18]} f5 {[%emt 0:00:29]} 3. Bf4 {[%emt 0:02:55]} Nf6 {[%emt 0:02:49]} 4. Nf3 {[%emt 0:02:29]} d6 {[%emt 0:03:25]} 5. Nc3 {[%emt 0:02:40]} Be7 {[%emt 0:00:47]} 6. e3 {[%emt 0:02:25]} O-O {[%emt 0:01:49]} 7. Bd3 {[%emt 0:03:38]} Nh5 {[%emt 0:07:24]} 8. h3 {[%emt 0:02:42]} Qe8 {[%emt 0:05:20]} 9. Qc2 {[%emt 0:06:03]} Nc6 {[%emt 0:02:44]} 10. a3 {[%emt 0:01:36]} Bf6 {[%emt 0:07:32]} 11. Bh2 {[%emt 0:02:59]} e5 {[%emt 0:04:53]} 12. g4 {[%emt 0:13:39]} Nf4 {[%emt 0:11:26]} 13. exf4 {[%emt 0:05:25]} e4 {[%emt 0:00:58]} 14. Nxe4 {[%emt 0:03:18]} fxe4 {[%emt 0:00:51]} 15. Bxe4 {[%emt 0:00:05]} Nxd4 {[%emt 0:05:09]} 16. Nxd4 {[%emt 0:00:59]} Bxd4 {[%emt 0:01:22]} 17. O-O-O {[%emt 0:01:08]} c5 {[%emt 0:00:20]} 18. Bxh7+ {[%emt 0:04:14]} Kh8 {[%emt 0:00:11]} 19. Rhe1 {[%emt 0:00:41]} Qf7 {[%emt 0:03:32]} 20. Bg6 {[%emt 0:03:13]} Qf6 {[%emt 0:00:46]} 21. g5 {[%emt 0:04:35]} Bxb2+ {[%emt 0:02:32]} 22. Kb1 {[%emt 0:00:16]} Qc3 {[%emt 0:00:42]} 23. Qxb2 {[%emt 0:00:47]} 1-0

[Event "Irish New Year-IM 2022"]
[Site "Dublin"]
[Date "2022.01.02"]
[Round "1.7"]
[White "Wafa, Shrook"]
[Black "Daly, Colm"]
[Result "1/2-1/2"]
[WhiteElo "2173"]
[BlackElo "2285"]
[Annotator "ChessBase"]
[PlyCount "61"]
[EventDate "2022.01.02"]
[EventType "tourn"]
[EventCountry "IRL"]
[SourceTitle "playchess.com"]
[Source "ChessBase"]
[SourceQuality "1"]
[TimeControl "5400+30"]

1. e4 {[%emt 0:00:03]} c5 {[%emt 0:04:25]} 2. Nf3 {[%emt 0:00:15]} e6 {[%emt 0:00:06]} 3. d4 {[%emt 0:00:12]} cxd4 {[%emt 0:00:07]} 4. Nxd4 {[%emt 0:00:07]} Nc6 {[%emt 0:03:12]} 5. Nxc6 {[%emt 0:00:48]} bxc6 {[%emt 0:00:09]} 6. c4 {[%emt 0:00:25]} Nf6 {[%emt 0:02:16]} 7. Bd3 {[%emt 0:00:31]} d5 {[%emt 0:01:39]} 8. Nd2 {[%emt 0:02:10]} Be7 {[%emt 0:05:41]} 9. O-O {[%emt 0:01:12]} O-O {[%emt 0:03:00]} 10. Qe2 {[%emt 0:02:15]} a5 {[%emt 0:00:25]} 11. Rd1 {[%emt 0:07:25]} a4 {[%emt 0:02:30]} 12. Nf3 {[%emt 0:02:05]} Bb7 {[%emt 0:02:32]} 13. Bf4 {[%emt 0:05:49]} Qb6 {[%emt 0:04:40]} 14. e5 {[%emt 0:10:52]} Nd7 {[%emt 0:00:11]} 15. cxd5 {[%emt 0:03:31]} cxd5 {[%emt 0:00:16]} 16. Rac1 {[%emt 0:01:28]} Rfc8 {[%emt 0:11:38]} 17. Ng5 {[%emt 0:13:56]} h6 {[%emt 0:09:20]} 18. Nf3 {[%emt 0:07:10]} Nc5 {[%emt 0:05:59]} 19. Be3 {[%emt 0:02:03]} Qa5 {[%emt 0:03:47]} 20. Bxc5 {[%emt 0:06:12]} Bxc5 {[%emt 0:01:16]} 21. Rc2 {[%emt 0:01:47]} Rc7 {[%emt 0:03:44]} 22. Rdc1 {[%emt 0:00:58]} Rac8 {[%emt 0:00:14]} 23. h3 {[%emt 0:01:38]} Qb6 {[%emt 0:03:55]} 24. Rc3 {[%emt 0:03:16]} a3 {[%emt 0:02:01]} 25. Rb3 {[%emt 0:02:30]} Bxf2+ {[%emt 0:12:51]} 26. Kh2 {[%emt 0:00:35]} Qa7 {[%emt 0:04:02]} 27. Rxc7 {[%emt 0:02:18]} Rxc7 {[%emt 0:00:12]} 28. Rxa3 {[%emt 0:00:28]} Qb6 {[%emt 0:00:42]} 29. Rb3 {[%emt 0:02:00]} Qa7 {[%emt 0:00:14]} 30. Ra3 {[%emt 0:07:55]} Qb6 {[%emt 0:00:02]} 31. Rb3 {[%emt 0:01:14]} 1/2-1/2

[Event "Irish New Year-IM 2022"]
[Site "Dublin"]
[Date "2022.01.02"]
[Round "1.8"]
[White "O`Donnell, Conor"]
[Black "Flynn, Jacob"]
[Result "1/2-1/2"]
[WhiteElo "2310"]
[BlackElo "2149"]
[Annotator "ChessBase"]
[PlyCount "85"]
[EventDate "2022.01.02"]
[EventType "tourn"]
[EventCountry "IRL"]
[SourceTitle "playchess.com"]
[Source "ChessBase"]
[SourceQuality "1"]
[TimeControl "5400+30"]

1. e4 {[%emt 0:00:02]} e5 {[%emt 0:00:27]} 2. Nc3 {[%emt 0:00:13]} Nf6 {[%emt 0:00:05]} 3. d4 {[%emt 0:00:07]} exd4 {[%emt 0:01:36]} 4. Qxd4 {[%emt 0:00:03]} Nc6 {[%emt 0:00:12]} 5. Qd3 {[%emt 0:00:08]} g6 {[%emt 0:16:49]} 6. Bg5 {[%emt 0:03:15]} Bg7 {[%emt 0:03:46]} 7. O-O-O {[%emt 0:03:49]} h6 {[%emt 0:06:04]} 8. Bh4 {[%emt 0:01:00]} g5 {[%emt 0:02:21]} 9. Bg3 {[%emt 0:00:10]} Nh5 {[%emt 0:02:13]} 10. Nge2 {[%emt 0:09:12]} d6 {[%emt 0:01:39]} 11. Nd5 {[%emt 0:06:08]} O-O {[%emt 0:02:05]} 12. h4 {[%emt 0:03:22]} Nxg3 {[%emt 0:11:54]} 13. Nxg3 {[%emt 0:03:18]} gxh4 {[%emt 0:03:28]} 14. Nf5 {[%emt 0:05:21]} Bxf5 {[%emt 0:00:23]} 15. exf5 {[%emt 0:00:04]} Ne5 {[%emt 0:04:32]} 16. Qd4 {[%emt 0:16:54]} c6 {[%emt 0:07:25]} 17. f6 {[%emt 0:01:15]} Bxf6 {[%emt 0:01:10]} 18. Nxf6+ {[%emt 0:00:14]} Qxf6 {[%emt 0:00:08]} 19. f4 {[%emt 0:04:11]} Ng4 {[%emt 0:01:50]} 20. Qxf6 {[%emt 0:01:52]} Nxf6 {[%emt 0:00:02]} 21. Rxd6 {[%emt 0:02:38]} Kg7 {[%emt 0:03:01]} 22. Rd1 {[%emt 0:11:48]} Rfe8 {[%emt 0:05:19]} 23. Rxh4 {[%emt 0:01:12]} Re3 {[%emt 0:02:38]} 24. Bd3 {[%emt 0:05:40]} Rg3 {[%emt 0:01:35]} 25. Rg1 {[%emt 0:00:44]} Re8 {[%emt 0:03:29]} 26. b4 {[%emt 0:05:27]} Nd5 {[%emt 0:06:30]} 27. a3 {[%emt 0:00:46]} Re6 {[%emt 0:02:10]} 28. Kd2 {[%emt 0:02:29]} Rf6 {[%emt 0:01:46]} 29. f5 {[%emt 0:00:03]} Ne7 {[%emt 0:00:53]} 30. Rh3 {[%emt 0:03:11]} Rg5 {[%emt 0:02:22]} 31. g4 {[%emt 0:02:25]} Nxf5 {[%emt 0:01:00]} 32. Rf1 {[%emt 0:01:37]} Ne7 {[%emt 0:01:24]} 33. Rxf6 {[%emt 0:00:11]} Kxf6 {[%emt 0:00:01]} 34. Rxh6+ {[%emt 0:00:15]} Ke5 {[%emt 0:03:09]} 35. Rh7 {[%emt 0:00:41]} Kf6 {[%emt 0:01:15]} 36. Rh6+ {[%emt 0:01:41]} Ke5 {[%emt 0:00:05]} 37. Rh7 {[%emt 0:00:14]} Kf6 {[%emt 0:00:10]} 38. Bc4 {[%emt 0:01:08]} Nd5 {[%emt 0:00:31]} 39. Be2 {[%emt 0:00:12]} Nf4 {[%emt 0:00:57]} 40. Bf3 {[%emt 0:00:26]} Ng6 {[%emt 0:00:15]} 41. Ke3 {[%emt 0:02:35]} Ne5 {[%emt 0:01:12]} 42. Rh6+ {[%emt 0:02:08]} Kg7 {[%emt 0:00:02]} 43. Rh1 {[%emt 0:03:51]} 1/2-1/2

[Event "Irish New Year-IM 2022"]
[Site "Dublin"]
[Date "2022.01.02"]
[Round "1.9"]
[White "Wall, Tim P"]
[Black "Carroll, Peter"]
[Result "1-0"]
[WhiteElo "2256"]
[BlackElo "2139"]
[Annotator "ChessBase"]
[PlyCount "65"]
[EventDate "2022.01.02"]
[EventType "tourn"]
[EventCountry "IRL"]
[SourceTitle "playchess.com"]
[Source "ChessBase"]
[SourceQuality "1"]
[TimeControl "5400+30"]

1. d4 {[%emt 0:00:05]} Nf6 {[%emt 0:00:05]} 2. Bg5 {[%emt 0:00:10]} d5 {[%emt 0:00:05]} 3. Bxf6 {[%emt 0:00:29]} gxf6 {[%emt 0:00:05]} 4. e3 {[%emt 0:01:13]} c5 {[%emt 0:00:06]} 5. dxc5 {[%emt 0:00:53]} e6 {[%emt 0:00:06]} 6. Nf3 {[%emt 0:00:50]} Bxc5 {[%emt 0:00:12]} 7. c4 {[%emt 0:00:46]} dxc4 {[%emt 0:00:07]} 8. Nbd2 {[%emt 0:01:20]} c3 {[%emt 0:06:29]} 9. bxc3 {[%emt 0:00:18]} Nd7 {[%emt 0:00:58]} 10. Qc2 {[%emt 0:03:31]} b6 {[%emt 0:10:10]} 11. Bd3 {[%emt 0:05:07]} Bb7 {[%emt 0:02:24]} 12. O-O {[%emt 0:07:30]} Qe7 {[%emt 0:01:54]} 13. Be4 {[%emt 0:02:15]} Bxe4 {[%emt 0:02:27]} 14. Qxe4 {[%emt 0:03:36]} O-O {[%emt 0:03:38]} 15. Qh4 {[%emt 0:02:22]} Rac8 {[%emt 0:08:10]} 16. Rad1 {[%emt 0:02:49]} f5 {[%emt 0:07:40]} 17. Ng5 {[%emt 0:04:17]} f6 {[%emt 0:01:30]} 18. Ngf3 {[%emt 0:00:42]} Ne5 {[%emt 0:12:59]} 19. e4 {[%emt 0:16:08]} Ng6 {[%emt 0:01:04]} 20. Qh6 {[%emt 0:00:59]} f4 {[%emt 0:00:37]} 21. Nb3 {[%emt 0:08:06]} Rfd8 {[%emt 0:04:44]} 22. Nbd4 {[%emt 0:03:55]} Bxd4 {[%emt 0:12:16]} 23. cxd4 {[%emt 0:00:18]} Rc2 {[%emt 0:00:15]} 24. Ra1 {[%emt 0:05:56]} Rdc8 {[%emt 0:04:08]} 25. h4 {[%emt 0:03:10]} Qg7 {[%emt 0:03:25]} 26. Qh5 {[%emt 0:01:21]} Kh8 {[%emt 0:01:24]} 27. Qg4 {[%emt 0:05:26]} Rg8 {[%emt 0:07:10]} 28. Rfc1 {[%emt 0:00:36]} Rb2 {[%emt 0:04:30]} 29. Rc6 {[%emt 0:04:52]} f5 {[%emt 0:02:05]} 30. exf5 {[%emt 0:01:50]} Qd7 {[%emt 0:01:55]} 31. Rxe6 {[%emt 0:06:37]} Nf8 {[%emt 0:00:39]} 32. Ng5 {[%emt 0:00:54]} Rxf2 {[%emt 0:02:19]} 33. Rae1 {[%emt 0:05:10]} 1-0

[Event "Irish New Year-IM 2022"]
[Site "Dublin"]
[Date "2022.01.03"]
[Round "2.7"]
[White "Carroll, Peter"]
[Black "Mannion, Stephen R"]
[Result "1/2-1/2"]
[WhiteElo "2139"]
[BlackElo "2267"]
[Annotator "TA"]
[PlyCount "76"]
[EventDate "2022.01.02"]
[EventType "tourn"]
[EventCountry "IRL"]
[SourceTitle "playchess.com"]
[Source "ChessBase"]
[SourceQuality "1"]

{[%evp 14,76,0,-6,0,-6,7,-20,0,-33,-35,-73,-75,-122,-128,-115,-117,-469,0,-1,-4,-12,-6,-10,-13,-95,22,32,28,32,50,35,33,31,29,30,35,39,34,17,17,-41,-45,-24,-39,-36,-19,-34,-19,-67,0,-72,-62,-162,-162,-164,-164,-179,-172,-153,-87,-200,-8,-8,-8]} 1. e4 e5 2. Nf3 Nc6 3. d4 exd4 4. Nxd4 Nf6 5. Nxc6 bxc6 6. e5 Qe7 7. Qe2 Nd5 8. h4 (8. c4 $5 {[%cal Rc4d5]} Nb6 9. b3 $11) 8... d6 {C45: Scotch Game.} 9. exd6 cxd6 10. c4 Nb6 11. b3 d5 {[#]} 12. Bb2 $146 ({Predecessor:} 12. Nd2 Qxe2+ 13. Bxe2 Bb4 14. Bb2 O-O 15. a3 Be7 16. O-O-O a5 17. cxd5 cxd5 18. Bd3 {1-0 (34) Juhasz,J (2008)-Taragelova,M (1782) Bratislava 2019}) 12... dxc4 $1 13. bxc4 (13. Nd2 $142) 13... Be6 $17 14. Nd2 {[%cal Bb1d2,Bd2c4,Bc4d6][%mdl 32]} O-O-O 15. Rc1 $2 {[%mdl 8192]} (15. Qe3 $17) 15... Bf5 $2 (15... Na4 $19 16. Ne4 Bf5) 16. c5 $132 {[%mdl 2048] White is not keeping still} Nd5 17. Nc4 Qxe2+ 18. Bxe2 Re8 {Threatens to win with ...Bd3.} ({Don't do} 18... Bxc5 19. Ne5 Bb4+ 20. Kf1 $14) 19. Bxg7 {[#]} Bxg7 (19... Rxe2+ $2 20. Kxe2 Bxg7 21. Nd6+ Kd7 22. Nxf5 $18) (19... Nf4 $1 $17 20. Bxh8 Nxe2) 20. Nd6+ Kc7 21. Nxf5 Nf4 22. Rc2 Bc3+ 23. Kf1 $1 Rb8 {( -> ...Rb1+)} 24. Kg1 Nxe2+ 25. Rxe2 Rhe8 26. Rxe8 (26. Rc2 {is interesting.} Be5 27. g3 Rb2 28. Rxb2 Bxb2 29. Kg2) 26... Rxe8 $14 {[%mdl 4096] Endgame KRB-KRN} 27. g3 (27. Ne3 $11) 27... Re2 $15 28. Kg2 Rxa2 29. Rc1 $1 Bd2 30. Rc4 a5 $1 31. Kh3 (31. Nd6 $11 {might be stronger.}) 31... a4 (31... Be1 $15 32. f4 Bb4) 32. Re4 (32. f4 $11 {remains equal.}) 32... a3 $1 $17 {Hoping for ...Rc2.} 33. Re7+ {[#]} (33. Ra4 $1 $15) 33... Kd8 $1 $19 {...Bb4 is the strong threat.} 34. Ra7 Bb4 {[%csl LRc5,LRf2]} 35. Nd4 Bxc5 36. Nxc6+ Kc8 ({Black should try} 36... Ke8 37. Ra8+ Kd7 38. Ne5+ Ke6) 37. Ra5 {[#]} (37. Ne7+ $17 {was the only defense.} Bxe7 38. Rxe7 Rxf2 39. Kg4) 37... Bxf2 $2 (37... Rc2 $1 $19 {And now ...a2 would win.} 38. Ne5 Kc7) 38. Nb4 $11 Ra1 {Weighted Error Value: White=0.48/Black=0.44} 1/2-1/2

[Event "Irish New Year-IM 2022"]
[Site "Dublin"]
[Date "2022.01.03"]
[Round "2.8"]
[White "Melaugh, Shane"]
[Black "Wall, Tim P"]
[Result "1/2-1/2"]
[WhiteElo "2192"]
[BlackElo "2256"]
[Annotator "ChessBase"]
[PlyCount "87"]
[EventDate "2022.01.02"]
[EventType "tourn"]
[EventCountry "IRL"]
[SourceTitle "playchess.com"]
[Source "ChessBase"]
[SourceQuality "1"]
[TimeControl "5400+30"]

1. c4 {[%emt 0:24:33]} e5 {[%emt 0:01:06]} 2. Nc3 {[%emt 0:00:09]} Bb4 {[%emt 0:00:16]} 3. g3 {[%emt 0:00:20]} Bxc3 {[%emt 0:00:30]} 4. bxc3 {[%emt 0:00:05]} d6 {[%emt 0:01:06]} 5. Bg2 {[%emt 0:00:06]} Nc6 {[%emt 0:00:29]} 6. d3 {[%emt 0:00:12]} f5 {[%emt 0:03:04]} 7. f4 {[%emt 0:09:23]} Nf6 {[%emt 0:06:52]} 8. Nh3 {[%emt 0:02:17]} O-O {[%emt 0:02:09]} 9. Rb1 {[%emt 0:00:09]} Qe7 {[%emt 0:11:13]} 10. O-O {[%emt 0:02:07]} e4 {[%emt 0:04:06]} 11. Nf2 {[%emt 0:04:00]} Kh8 {[%emt 0:04:19]} 12. h3 {[%emt 0:06:48]} Na5 {[%emt 0:14:04]} 13. Ba3 {[%emt 0:07:53]} c5 {[%emt 0:05:58]} 14. Qc2 {[%emt 0:02:19]} Re8 {[%emt 0:04:35]} 15. Bc1 {[%emt 0:05:49]} b6 {[%emt 0:08:20]} 16. Nd1 {[%emt 0:00:26]} Bb7 {[%emt 0:00:43]} 17. Ne3 {[%emt 0:00:17]} Qd7 {[%emt 0:01:29]} 18. Bd2 {[%emt 0:02:02]} Re7 {[%emt 0:02:11]} 19. Rbe1 {[%emt 0:00:08]} Rae8 {[%emt 0:00:20]} 20. Kh2 {[%emt 0:06:10]} g6 {[%emt 0:03:42]} 21. Nd5 {[%emt 0:05:44]} Rf7 {[%emt 0:10:36]} 22. Bc1 {[%emt 0:02:59]} Kg8 {[%emt 0:01:36]} 23. Rd1 {[%emt 0:04:01]} Nxd5 {[%emt 0:04:07]} 24. cxd5 {[%emt 0:00:02]} Bxd5 {[%emt 0:01:06]} 25. c4 {[%emt 0:00:26]} exd3 {[%emt 0:01:21]} 26. exd3 {[%emt 0:01:22]} Bxg2 {[%emt 0:00:10]} 27. Qxg2 {[%emt 0:00:45]} Qb7 {[%emt 0:01:19]} 28. Rf3 {[%emt 0:00:33]} Rfe7 {[%emt 0:00:59]} 29. Rdf1 {[%emt 0:00:18]} d5 {[%emt 0:01:41]} 30. g4 {[%emt 0:01:15]} Qd7 {[%emt 0:01:30]} 31. cxd5 {[%emt 0:00:36]} Qxd5 {[%emt 0:00:16]} 32. R1f2 {[%emt 0:00:12]} Nc6 {[%emt 0:00:40]} 33. gxf5 {[%emt 0:01:24]} Qxf5 {[%emt 0:00:31]} 34. Rg3 {[%emt 0:00:11]} Nd4 {[%emt 0:01:40]} 35. Rg5 {[%emt 0:01:02]} Qf7 {[%emt 0:00:52]} 36. f5 {[%emt 0:00:14]} Re2 {[%emt 0:00:56]} 37. Kg1 {[%emt 0:04:24]} Rxf2 {[%emt 0:01:04]} 38. Qxf2 {[%emt 0:00:11]} Ne2+ {[%emt 0:00:26]} 39. Kh2 {[%emt 0:00:59]} Nxc1 {[%emt 0:00:12]} 40. Qg3 {[%emt 0:00:15]} Qxa2+ {[%emt 0:01:02]} 41. Kh1 {[%emt 0:00:22]} Qd5+ {[%emt 0:00:32]} 42. Kh2 {[%emt 0:00:08]} Qxd3 {[%emt 0:00:54]} 43. Rxg6+ {[%emt 0:00:10]} hxg6 {[%emt 0:01:14]} 44. Qxg6+ {[%emt 0:09:44]} 1/2-1/2

[Event "Irish New Year-IM 2022"]
[Site "Dublin"]
[Date "2022.01.03"]
[Round "2.9"]
[White "Daly, Colm"]
[Black "O`Donnell, Conor"]
[Result "1-0"]
[WhiteElo "2285"]
[BlackElo "2310"]
[Annotator "TA"]
[PlyCount "61"]
[EventDate "2022.01.02"]
[EventType "tourn"]
[EventCountry "IRL"]
[SourceTitle "playchess.com"]
[Source "ChessBase"]
[SourceQuality "1"]

{[%evp 9,61,8,12,-1,0,2,14,10,52,48,54,55,70,74,78,74,74,72,81,64,108,112,162,170,297,283,269,165,345,352,459,409,487,501,500,499,734,597,587,555,2027,1929,2016,782,722,721,753,727,1346,1276,5581,5528,29996,29997]} 1. Nf3 d5 2. e3 Nf6 3. c4 e6 4. b3 b6 5. Bb2 Bb7 6. g3 {A13: English Opening: 1...e6.} dxc4 7. bxc4 Nbd7 8. Bg2 {[#] The position is equal.} e5 $146 (8... Be7 $11 {feels stronger.}) ({Predecessor:} 8... c5 9. O-O Be7 10. Nc3 O-O 11. Qe2 a6 12. e4 Qc7 13. e5 Bxf3 14. Qxf3 Nxe5 15. Qxa8 Rxa8 16. Bxa8 Nxc4 {0-1 (37) Nguyen,T (1971)-Harsha,B (2509) Chess.com INT 2020}) 9. O-O $1 $14 e4 10. Ne5 Bd6 11. Nxd7 {White is more active.} Qxd7 12. Bxf6 gxf6 13. Nc3 f5 14. d3 {[%cal Rd3e4,Bd2d3,Bd3d4][%mdl 32]} Be5 (14... O-O-O $14 {was preferrable.}) 15. d4 $16 Bg7 {[#]} (15... Bf6 $16) 16. Qh5 $1 $18 O-O-O (16... c5 $142 17. Bh3 Qe7) 17. Bh3 Kb8 18. Rac1 (18. Qxf5 Qxf5 19. Bxf5 c5 $14) 18... c5 $2 (18... Qe7 19. Bxf5 c5) 19. dxc5 (19. Bxf5 Qe7 $16) ({And not} 19. Qxf5 Qxf5 20. Bxf5 cxd4 21. exd4 Rxd4 $11) 19... bxc5 20. Bxf5 Qe7 21. Nd5 Bxd5 22. cxd5 (22. Qg4 Be6 $11) 22... Rxd5 (22... a6 $142 23. Rb1+ Ka7 24. Bxe4 Rb8 25. Rxb8 Rxb8 26. Qxh7 Qf6) 23. Qg4 Re8 24. Rc4 ({Weaker is} 24. Qxg7 Rxf5 25. Qxh7 Qf6 $16) 24... Re5 25. Rb1+ Ka8 26. Rd1 (26. Bd7 $142 Re6 {[#]} 27. Qxe4+ $3 {[%mdl 512]} Rxe4 28. Bc6+ Qb7 29. Bxb7+ Kb8 30. Bxe4+ Kc7 31. Rxc5+ Kd6 32. Rc6+ Ke5 33. Bxh7) 26... h5 27. Qf4 {Strongly threatening Rd7.} ({Less strong is} 27. Qxg7 Rxf5 28. Qb2 Rb8 $16) 27... Qb7 28. Rd7 Qb5 29. Rxe4 Qb1+ 30. Kg2 {White wants to mate with Rxe5.} Rxe4 31. Qc7 {White took control after the opening.  Weighted Error Value: White=0.18 (very precise) /Black=0.89} 1-0

[Event "Irish New Year-IM 2022"]
[Site "Dublin"]
[Date "2022.01.03"]
[Round "2.10"]
[White "Urh, Zala"]
[Black "Wafa, Shrook"]
[Result "1-0"]
[WhiteElo "2291"]
[BlackElo "2173"]
[Annotator "ChessBase"]
[PlyCount "87"]
[EventDate "2022.01.02"]
[EventType "tourn"]
[EventCountry "IRL"]
[SourceTitle "playchess.com"]
[Source "ChessBase"]
[SourceQuality "1"]
[TimeControl "5400+30"]

1. d4 {[%emt 0:00:55]} d5 {[%emt 0:00:09]} 2. Nf3 {[%emt 0:01:59]} Nf6 3. c4 {[%emt 0:01:27]} e6 {[%emt 0:00:47]} 4. Nc3 {[%emt 0:00:25]} Nbd7 {[%emt 0:00:32]} 5. cxd5 {[%emt 0:04:22]} exd5 {[%emt 0:00:15]} 6. Bf4 {[%emt 0:00:47]} c6 {[%emt 0:00:56]} 7. e3 {[%emt 0:01:24]} Be7 {[%emt 0:01:05]} 8. h3 {[%emt 0:01:34]} O-O {[%emt 0:00:32]} 9. Bd3 {[%emt 0:00:42]} Re8 {[%emt 0:01:10]} 10. O-O {[%emt 0:05:16]} Nf8 {[%emt 0:01:14]} 11. Qc2 {[%emt 0:05:35]} Ng6 {[%emt 0:04:02]} 12. Bh2 {[%emt 0:00:18]} Bd6 {[%emt 0:01:31]} 13. Bxd6 {[%emt 0:03:55]} Qxd6 {[%emt 0:00:14]} 14. Rab1 {[%emt 0:00:26]} Bd7 {[%emt 0:04:45]} 15. b4 {[%emt 0:02:04]} Rac8 {[%emt 0:01:13]} 16. a4 {[%emt 0:03:46]} b6 {[%emt 0:04:28]} 17. Rfc1 {[%emt 0:10:50]} c5 {[%emt 0:05:13]} 18. bxc5 {[%emt 0:05:38]} bxc5 {[%emt 0:00:57]} 19. Nb5 {[%emt 0:02:05]} Bxb5 {[%emt 0:02:16]} 20. Bxb5 {[%emt 0:00:31]} Nd7 {[%emt 0:05:24]} 21. Bxd7 {[%emt 0:02:16]} Qxd7 {[%emt 0:00:09]} 22. dxc5 {[%emt 0:00:06]} Ne7 {[%emt 0:05:33]} 23. Nd4 {[%emt 0:05:22]} Nc6 {[%emt 0:00:29]} 24. Nb5 {[%emt 0:02:53]} Re5 {[%emt 0:01:19]} 25. Nd6 {[%emt 0:01:32]} Rc7 {[%emt 0:01:06]} 26. Rb2 {[%emt 0:02:09]} a5 {[%emt 0:05:30]} 27. Rb6 {[%emt 0:04:26]} g6 {[%emt 0:00:27]} 28. Rcb1 {[%emt 0:02:59]} Nb4 {[%emt 0:05:07]} 29. Qc3 {[%emt 0:04:09]} f6 {[%emt 0:00:36]} 30. Qd4 {[%emt 0:05:54]} Kg7 {[%emt 0:06:06]} 31. Rb5 {[%emt 0:05:22]} h5 {[%emt 0:08:39]} 32. Rd1 {[%emt 0:01:38]} Qe6 {[%emt 0:04:41]} 33. Qd2 {[%emt 0:03:01]} Nc6 {[%emt 0:03:28]} 34. Rdb1 {[%emt 0:01:04]} Qg8 {[%emt 0:05:12]} 35. Rb7 {[%emt 0:03:15]} Ree7 {[%emt 0:00:14]} 36. Rxc7 {[%emt 0:00:51]} Rxc7 {[%emt 0:00:09]} 37. Rb6 {[%emt 0:00:18]} Nb4 {[%emt 0:06:19]} 38. Qd4 {[%emt 0:00:28]} Qe6 {[%emt 0:02:03]} 39. Nb5 {[%emt 0:01:48]} Rc6 {[%emt 0:01:30]} 40. Rb7+ {[%emt 0:00:04]} Kh6 {[%emt 0:01:13]} 41. Na7 {[%emt 0:01:17]} Nc2 {[%emt 0:04:08]} 42. Qf4+ {[%emt 0:00:34]} g5 {[%emt 0:00:12]} 43. Qb8 {[%emt 0:00:13]} Kg6 {[%emt 0:01:05]} 44. Nxc6 {[%emt 0:00:20]} 1-0

[Event "Irish New Year-IM 2022"]
[Site "Dublin"]
[Date "2022.01.03"]
[Round "3.6"]
[White "Wafa, Shrook"]
[Black "Baker, Chris W"]
[Result "0-1"]
[WhiteElo "2173"]
[BlackElo "2227"]
[Annotator "ChessBase"]
[PlyCount "127"]
[EventDate "2022.01.02"]
[EventType "tourn"]
[EventCountry "IRL"]
[SourceTitle "playchess.com"]
[Source "ChessBase"]
[SourceQuality "1"]
[TimeControl "5400+30"]

1. e4 {[%emt 0:00:04]} e5 {[%emt 0:00:07]} 2. Nf3 {[%emt 0:00:14]} d6 {[%emt 0:00:09]} 3. d4 {[%emt 0:00:15]} exd4 {[%emt 0:01:52]} 4. Nxd4 {[%emt 0:00:13]} Nf6 {[%emt 0:00:18]} 5. Nc3 {[%emt 0:01:46]} Be7 {[%emt 0:00:49]} 6. Be2 {[%emt 0:00:42]} O-O {[%emt 0:01:35]} 7. O-O {[%emt 0:00:19]} a6 {[%emt 0:05:04]} 8. a4 {[%emt 0:00:57]} c5 {[%emt 0:11:21]} 9. Nb3 {[%emt 0:01:09]} Nc6 {[%emt 0:04:03]} 10. f4 {[%emt 0:01:52]} Be6 {[%emt 0:03:47]} 11. Be3 {[%emt 0:05:30]} Rc8 {[%emt 0:06:35]} 12. Bf3 {[%emt 0:02:46]} Re8 {[%emt 0:06:47]} 13. Nd5 {[%emt 0:02:51]} Bxd5 {[%emt 0:07:39]} 14. exd5 {[%emt 0:00:21]} Na5 {[%emt 0:01:19]} 15. Nxa5 {[%emt 0:02:13]} Qxa5 {[%emt 0:01:00]} 16. c4 {[%emt 0:02:18]} Nd7 {[%emt 0:06:43]} 17. Bd2 {[%emt 1:15:30]} Qc7 {[%emt 0:01:20]} 18. Bc3 {[%emt 0:00:00]} Bf6 {[%emt 0:00:42]} 19. Qd3 {[%emt 0:00:00]} Re7 {[%emt 0:02:53]} 20. Rfe1 {[%emt 0:00:00]} Rce8 {[%emt 0:00:43]} 21. Rxe7 {[%emt 0:00:00]} Rxe7 {[%emt 0:00:07]} 22. Kf2 {[%emt 0:00:00]} Qd8 {[%emt 0:00:58]} 23. Re1 {[%emt 0:00:00]} Rxe1 {[%emt 0:00:27]} 24. Kxe1 {[%emt 0:00:00]} Bxc3+ {[%emt 0:00:17]} 25. Qxc3 {[%emt 0:00:00]} Qh4+ {[%emt 0:00:13]} 26. Kf1 {[%emt 0:00:00]} Qxf4 {[%emt 0:01:34]} 27. Qb3 {[%emt 0:00:00]} Qc1+ {[%emt 0:03:23]} 28. Kf2 {[%emt 0:00:00]} Qd2+ {[%emt 0:00:17]} 29. Be2 {[%emt 0:00:00]} Ne5 {[%emt 0:01:28]} 30. h3 {[%emt 0:00:00]} g6 {[%emt 0:03:10]} 31. Kf1 {[%emt 0:00:00]} Kg7 {[%emt 0:01:17]} 32. a5 {[%emt 0:00:00]} Qb4 {[%emt 0:02:26]} 33. Qxb4 {[%emt 0:00:00]} cxb4 {[%emt 0:00:06]} 34. Kf2 {[%emt 0:00:00]} Nd7 {[%emt 0:00:45]} 35. Ke3 {[%emt 0:00:00]} f5 {[%emt 0:01:35]} 36. g4 {[%emt 0:00:00]} Kf6 {[%emt 0:01:01]} 37. gxf5 {[%emt 0:00:00]} gxf5 {[%emt 0:00:15]} 38. Kf4 {[%emt 0:00:00]} Ne5 {[%emt 0:01:00]} 39. b3 {[%emt 0:00:00]} Ng6+ {[%emt 0:01:49]} 40. Ke3 {[%emt 0:00:00]} Ke5 {[%emt 0:00:23]} 41. Bh5 {[%emt 0:00:00]} f4+ {[%emt 0:01:20]} 42. Kf2 {[%emt 0:00:00]} Ke4 {[%emt 0:03:17]} 43. Bxg6+ {[%emt 0:00:00]} hxg6 {[%emt 0:00:20]} 44. h4 {[%emt 0:00:00]} Ke5 {[%emt 0:05:33]} 45. Ke2 {[%emt 0:00:00]} Kf5 {[%emt 0:00:18]} 46. Kf3 {[%emt 0:00:00]} g5 {[%emt 0:00:14]} 47. hxg5 {[%emt 0:00:00]} Kxg5 {[%emt 0:00:07]} 48. Ke4 {[%emt 0:00:00]} Kg4 {[%emt 0:00:59]} 49. c5 {[%emt 0:00:00]} f3 {[%emt 0:00:18]} 50. c6 {[%emt 0:00:00]} bxc6 {[%emt 0:00:44]} 51. dxc6 {[%emt 0:00:00]} f2 {[%emt 0:00:15]} 52. c7 {[%emt 0:00:00]} f1=Q {[%emt 0:00:09]} 53. c8=Q+ {[%emt 0:00:00]} Kg3 {[%emt 0:01:34]} 54. Qg8+ {[%emt 0:00:00]} Kf2 {[%emt 0:00:33]} 55. Qf7+ {[%emt 0:00:00]} Ke1 {[%emt 0:00:14]} 56. Qg8 {[%emt 0:00:00]} Qe2+ {[%emt 0:01:48]} 57. Kd5 {[%emt 0:00:00]} Qd3+ {[%emt 0:01:01]} 58. Kc6 {[%emt 0:00:00]} Kd2 {[%emt 0:00:23]} 59. Qe6 {[%emt 0:00:00]} Kc3 {[%emt 0:00:38]} 60. Kb6 {[%emt 0:01:18]} d5 {[%emt 0:01:08]} 61. Kc5 {[%emt 0:02:29]} Kxb3 {[%emt 0:00:33]} 62. Qb6 {[%emt 0:00:42]} Qc4+ {[%emt 0:00:44]} 63. Kd6 {[%emt 0:00:08]} d4 {[%emt 0:00:16]} 64. Ke5 {[%emt 0:18:53]} 0-1